01152cam a22002771 4500001001300000003000400013005001700017008004100034010001700075035001900092040004100111042001200152043001200164050002700176082001400203110004500217245016400262260005700426300004300483490007400526504002900600650004600629650003500675710005100710810011300761e 45000005 DLC20260227111232.0830308s1942 flua b s000 0 eng c ae 45000005  a(OCoLC)9289420 aU.S. Off of educ. LibrarycDNIEdDLC apremarc an-us-fl00aL136b.B32 no. 5, 1942 a379.759 s1 aFlorida.bState Department of Education.00aSource materials for physical education in Florida secondary schools ...cEdited in Florida curriculum laboratory, University of Florida, Gainesville, Florida. aTallahassee, Fla.,bState dept. of educationc[1942] aix, [1], 421 p.bincl. diagrs.c23 cm.1 aIts Florida program for improvement of schools. Bulletinvno. 5, 1942 aIncludes bibliographies. 0aPhysical education and trainingzFlorida. 0aEducationxCurriculazFlorida.2 aUniversity of Florida.bCurriculum Laboratory.1 aFlorida.bState Department of Education.tFlorida program for improvement of schools. Bulletinvno. 5, 1942.